Ρήγας Βελεστινλής και το "γνωμικόν του Χάλερ" : "όποιος ελευθέρα συλλογάται, συλλογάται καλά"

Αποθηκεύτηκε σε:
Λεπτομέρειες βιβλιογραφικής εγγραφής
Κύριος συγγραφέας: Καραμπερόπουλος, Δημήτριος Απ., 1945-
Συγγραφή απο Οργανισμό/Αρχή: Επιστημονική Εταιρεία Μελέτης Φερών-Βελεστίνου-Ρήγα
Μορφή: Βιβλίο
Γλώσσα:Greek
Δημοσίευση: Κηφισιά : Επιστημονική Εταιρεία Μελέτης Φερών-Βελεστίνου-Ρήγα, 2018.
Θέματα:
Ετικέτες: Προσθήκη ετικέτας
Δεν υπάρχουν, Καταχωρήστε ετικέτα πρώτοι!

MARC

LEADER 00000cam a2200000 a 4500
001 1/118201
008 190308s2018####gr | ||| |||| ||gre||
040 |a GR-MyUa  |b gre  |c GR-MyUa  |e AACR2 
041 0 |a gre 
082 7 |a 938.483   |2 (23) 
100 1 |a Καραμπερόπουλος, Δημήτριος Απ.,   |d 1945- 
245 1 0 |a Ρήγας Βελεστινλής και το "γνωμικόν του Χάλερ" :   |h [ανάτυπο] /   |b "όποιος ελευθέρα συλλογάται, συλλογάται καλά"   |c Δημήτριος Απ. Καραμπερόπουλος.  
260 |a Κηφισιά :   |b Επιστημονική Εταιρεία Μελέτης Φερών-Βελεστίνου-Ρήγα,   |c 2018.  
300 |a [11] σ. ;   |c 24 εκ.  
500 |a Ανάτυπο από το Θεσσαλικό Ημερολόγιο, τόμ. 73, 2018, σελ. 75-79.  
504 |a Περιλαμβάνει βιβλιογραφικές παραπομπές.  
600 0 0 |a Ρήγας Βελεστινλής,   |d 1757-1798. 
650 0 |a Physics. 
650 0 |a Science  |x History. 
710 2 |a Επιστημονική Εταιρεία Μελέτης Φερών-Βελεστίνου-Ρήγα. 
852 |a INST  |b RHODES  |e 20190308  |h 938.483 ΚΑΡ  |p 005400040497  |q 005400040497  |t BK  |y 0 
970 |a Μαρία   |b Κωτάκου  |z 08-03-2019